Poems to Note Quote & Float:: (Record no. 182649)
[ view plain ]
| 000 -LEADER | |
|---|---|
| fixed length control field | 00542nam a22001817a 4500 |
| 005 - DATE AND TIME OF LATEST TRANSACTION | |
| control field | 20211230164123.0 |
| 010 ## - LCCN (DPL NO) | |
| LC control number | ENG-130143 |
| 020 ## - INTERNATIONAL STANDARD BOOK NUMBER | |
| Terms of availability | 350.00 |
| 035 ## - SYSTEM CONTROL NUMBER | |
| System control number | EN-113675 |
| 037 ## - SOURCE OF ACQUISITION | |
| Source of stock number/acquisition | DBAD/PUB |
| 082 ## - DEWEY DECIMAL CLASSIFICATION NUMBER | |
| Classification number | 881 |
| Item number | VEL |
| 100 ## - MAIN ENTRY--PERSONAL NAME | |
| Personal name | Velchala, Kondal Rao |
| 245 ## - TITLE STATEMENT | |
| Title | Poems to Note Quote & Float:: |
| Statement of responsibility, etc | Kondal Rao Velchala |
| 260 ## - PUBLICATION, DISTRIBUTION, ETC. (IMPRINT) | |
| Place of publication, distribution, etc | Hyderabad |
| Name of publisher, distributor, etc | Vishwanatha Sahitya Peetam |
| Date of publication, distribution, etc | 2013 |
| 270 ## - ADDRESS | |
| Address | Sister Nivedita 11-4-654/3,Red Hills,Ph-23396358 |
| City | Hyderabad |
| 300 ## - PHYSICAL DESCRIPTION | |
| Extent | 264p |
| Dimensions | 23cm(pbk) |
| 942 ## - ADDED ENTRY ELEMENTS (KOHA) | |
| Source of classification or shelving scheme | Dewey Decimal Classification |
| Item type | English Books |
| Classification part | 881 |
| Call number suffix | VEL |
| Withdrawn status | Lost status | Not for loan | Collection code | Home library | Current library | Date acquired | Source of acquisition | Cost, normal purchase price | Full call number | Barcode | Copy number | Cost, replacement price | Koha item type |
|---|---|---|---|---|---|---|---|---|---|---|---|---|---|
| Non-fiction | Shahdara Branch | Shahdara Branch | 30/11/2021 | DBAD/PUB | 350.00 | 881 VEL | EN-113675 | 1 | 350.00 | English Books |
